Statistiques concernant Top 50 de l'Année 1984

Cliquez ici pour prendre le quiz!

Statistiques générales

  • Ce quiz a été pris 25 fois
  • Le résultat moyen est 15 sur 50

Statistiques - réponses

ArtistesChansons% Correct
3AXEL BAUERCargo
83%
30COOKIE DINGLERFemme libérée
83%
6MICHAEL JACKSONThriller
83%
2NENA99 luftballons
63%
14GILBERT MONTAGNEOn va s'aimer
63%
26VAN HALENJump
58%
21SCORPIONSStill loving you
58%
12RAY PARKER JR.Ghostbusters
50%
19JEANNE MASToute première fois
50%
31ALPHAVILLEBig in Japan
46%
20TELEPHONEUn autre monde
46%
1CYNDI LAUPERGirls just want to have fun
42%
25RAFSelf control
42%
46LAURA BRANIGANSelf control
42%
44JEAN-PIERRE MADERDisparue
38%
8QUEENRadio gaga
38%
5JIMMY CLIFFReggae night
38%
10FRANKIE GOES TO HOLLYWOODRelax
38%
32JEAN-JACQUES GOLDMANEnvole-moi
33%
39CYNDI LAUPERTime after time
33%
11JERMAINE JACKSON & PIA ZADORAWhen the rain begins to fall
33%
43P. LIONDream
29%
7P. LIONHappy children
29%
37CHRIS DE BURGHHigh on emotion
29%
15DURAN DURANThe reflex
29%
28LIONEL RICHIEAll night long (all night)
25%
24THE ALAN PARSONS PROJECTDon't answer me
25%
47FRANCE GALLHong-Kong star
25%
36STEVIE WONDERI just called to say I love you
21%
9INXSOriginal sin
21%
49MIKE OLDFIELDTo France
21%
27PAUL YOUNGCome back and stay
17%
40WANG CHUNGDance hall days
17%
29MADONNAHoliday
17%
13BRONSKI BEATSmalltown boy
17%
16ROCKWELLSomebody's watching me
17%
45PHIL COLLINSAgainst all odds (take a look at me now)
13%
22MIAMI SOUND MACHINEDr. Beat
13%
42ZZ TOPGimme all your lovin'
13%
18EVELYN THOMASHigh energy
13%
4YESOwner of a lonely heart
13%
48LAID BACKSunshine reggae
13%
17THE ART COMPANYSusanna
13%
23THE ROMANTICSTalking in your sleep
13%
41NIK KERSHAWWouldn't it be good
13%
34BILLY OCEANCaribbbean queen (no more love on the run)
8%
33GEORGE KRANZDin daa daa
8%
38BONEY M.Kalimba de luna
8%
35BREAK MACHINEStreet dance
8%
50JAMES INGRAM & MICHAEL McDONALDYa mo b there
0%

Distribution des résultats

Percentile par nombre de réponses

% des personnes avec chaque résultat

Votre développement - résultats

Vous n’avez pas pris ce quiz